| 000 | 00460nam a22001457a 4500 | ||
|---|---|---|---|
| 003 | LRUA | ||
| 005 | 20231107201306.0 | ||
| 008 | 231107b xxu||||| |||| 00| 0 eng d | ||
| 040 | _cFAO | ||
| 100 | _aHANG CHUONNARON | ||
| 245 | _aLIFE SKILLS EDUCATION SCHOOL GARDNING AND NUTRITION EDUCAATION TEACHER'S GUIDE FOR GRADE 6 | ||
| 260 |
_aPhnom Penh _bFOOD AND AGRICULTURE ORHANIZATION OF THE UNITED NATIONS _c2017 |
||
| 300 |
_aVII.46P _c29CM |
||
| 942 |
_cAEDBB _2ddc |
||
| 999 |
_c22142 _d22142 |
||